Trendy e-commerce

Ako sa môžu slovenské e-commerce firmy presadiť v zahraničí a stať sa nielen slovenskými, ale aj globálnymi hráčmi. Päť princípov úspešného e-commerce.

Gespeichert in:
Bibliographische Detailangaben
1. Verfasser: Pavlík, Emil
Format: Buchkapitel
Sprache:Slowakisch
Schlagworte:
Tags: Tag hinzufügen
Keine Tags, Fügen Sie das erste Tag hinzu!

MARC

LEADER 00000naa a2200000 4500
001 0211549
005 20231208070652.8
041 0 |a slo 
044 |a SK 
245 1 0 |a Trendy e-commerce  |c Emil Pavlík 
520 |a Ako sa môžu slovenské e-commerce firmy presadiť v zahraničí a stať sa nielen slovenskými, ale aj globálnymi hráčmi. Päť princípov úspešného e-commerce. 
610 2 0 |a obchod elektronický 
610 2 0 |a klienti 
610 2 0 |a správanie spotrebiteľa 
100 1 |a Pavlík, Emil